00259 2200121 4500001002100000005001500021035002000036245003200056300000700088260002200095082000800117084001200125INLIS00000000000217520250527122400 a0010-0525000467 aAristoteles /cSteve Parker a32 bPakar Raya,c2007 a900 a900 ARI